000 00555nam a2200181Ia 4500
008 100920s9999 xx 000 0 und d
082 _b11003
_a28 व 570580 थ 49
100 _aकेळकर गो.रा.
245 _aरबर.
260 _bअनाथ विद्यार्थी गृह प्रकाशन, पुणें.
_c1949
300 _a18
_bसाधी
365 _b0.36
520 _aबा.वि.शाऊ.
630 _aरबर.
650 _aबा.वि.शाऊ.
730 _aरबर.
942 _cBOOK
999 _c677089
_d677086